000 00953cam a22002531i 4500
003 SA-RiAUC
005 20250410091355.0
008 250409s1983 su g 000r0 ara c
040 _aSA-TaTUL
_bara
_cSA-RiAUC
_erda
082 0 4 _a253.901
090 _a253.901
_b خ ط ر
100 1 _aالخطراوي، محمد العيد فرج،
_d1354 هجري-
_eمؤلف.
245 1 2 _aالرائد في علم الفرائض /
_cتأليف محمد العيد الخطراوي.
250 _aالطبعة الخامسة.
264 1 _aالمدينة المنورة :
_bمكتبة دار التراث،
_c1983
300 _a140 صفحة ؛
_c24 سم
336 _aنص
_btxt
_2rdacontent
_3كتاب
337 _aبدون وسيط
_bn
_2rdamedia
338 _aمجلد
_bnc
_2rdacarrier
650 7 _aالمواريث
_2aucsh
650 7 _aالتركات (فقه إسلامي)
_2aucsh
942 _2ddc
_cBOOK
_n0
949 _aSA-JeALM
_d250409
_umohamedma123
_n1
999 _c6861
_d6861